Diseño curricular en educación física
I tiakina i:
| Ngā kaituhi matua: | , |
|---|---|
| Hōputu: | Pukapuka |
| Reo: | Pāniora |
| I whakaputaina: |
Barcelona
Inde Publicaciones
1989
|
| Ngā marau: | |
| Ngā Tūtohu: |
Tāpirihia he Tūtohu
Kāore He Tūtohu, Me noho koe te mea tuatahi ki te tūtohu i tēnei pūkete!
|
MARC
| LEADER | 00000nam a2200000 a 4500 | ||
|---|---|---|---|
| 001 | UCW6689 | ||
| 003 | CL-VaPUC | ||
| 008 | 920423e19890000SP |||||||||||||||||spa|d | ||
| 082 | 0 | 4 | |a 372.86 |b FER |2 21 |
| 100 | 0 | |a Fernández Calero, Guillermo |e author |9 311714 | |
| 700 | 0 | |a Navarro Adelantado, Vicente |e author |9 311715 | |
| 245 | 1 | 0 | |a Diseño curricular en educación física |
| 300 | |a 179 p | ||
| 942 | |c BK | ||
| 945 | |d 19920423 00:00:00 | ||
| 260 | |a Barcelona |b Inde Publicaciones |c 1989 | ||
| 650 | 0 | |a Educación física |9 240893 | |
| 650 | 0 | |a Currículo |9 307290 | |
| 583 | |a last modification |c 19920423 00:00:00 |k Rodrigo Vera | ||
| 999 | |c 219658 |d 219656 | ||
| 952 | |0 0 |1 0 |4 0 |6 372_860000000000000_FER_1989 |7 0 |8 A |9 210858 |a BIBEDU |b BIBEDU |d 2019-11-15 |i 279084K |o 372.86 FER 1989 |p 279084K |r 2019-11-15 |w 2019-11-15 |y BK |k EDU | ||